| 000 | 00785nas a2200265 4500 | ||
|---|---|---|---|
| 001 | BR9803956 | ||
| 003 | BR-BrBNA | ||
| 005 | 20231205100849.0 | ||
| 007 | ta | ||
| 008 | 230509b bl.|||p| |||| 00| 00por d | ||
| 040 |
_aBR-BrBNA _bpor _cBiblioteca Nacional de Agricultura |
||
| 041 | _a(Pt) | ||
| 072 | _aQ02 | ||
| 100 | 1 | _aCalori, I. | |
| 100 | 1 | _aGiarola, T.M.O. | |
| 100 | 1 | _aCal-Vidal, J. | |
| 245 | 1 | _aCinetica-de-caking em mamao liofilizado determinada por microscopia otica | |
| 650 | _aMamao | ||
| 650 | _aLiofilizacao | ||
| 650 | _aMicroscopia Otica | ||
| 650 | _aCoccao | ||
| 773 | 0 |
_tPesquisa Agropecuaria Brasileira (Brazil) _xISSN 0100-204X _g(Nov 1997), v. 32(11) p. 1199-1204 _wBR9803956 |
|
| 909 |
_a202311 _bLúcia _c55 _dLúcia Elande |
||
| 942 |
_2AGRIS _n0 _cANA |
||
| 999 |
_c158511 _d158511 |
||